000 01077nam a22002055i 4500
001 153788
003 ES-MaACL
005 20251125134433.0
008 990302s1882 sp |||| | spa d
040 _aCAM
_bspa
_cCAM
110 1 _aEspaña
_93622
240 1 0 _aLey de enjuiciamiento criminal, 1882
245 1 0 _aNovísima ley de enjuiciamiento criminal de 14 de setiembre de 1882
_b: , precedida de un prólogo expositivo, acompañado de observaciones y comentarios, y seguida de la nueva división territorial de España en orden al procedimiento criminal y lugar de las audiencias de esta clase, y adicionada con un índice alfabético ... /
_cpor la redacción de El Consultor de los Ayuntamientos y de los Juzgados Municipales.
260 _aMadrid :
_bEl Consultor de los Ayuntamientos y de los Juzgados Municipales,
_c1882 (
_fImprenta de E. de la Riva)
300 _a318 p. ;
_c20 cm.
650 4 _aProcedimiento penal-
_zEspaña-
_916431
_vLegislación
852 _aES-MaACL
_jF-13003
_z-- Enc. hol.
_q-- Falto de la port.
942 _2udc
999 _c153788
_d153788